Engineering mechanics dynamics Ed 7 (Record no. 241096)

MARC details
000 -LEADER
fixed length control field 01368nam a22002537a 4500
005 - DATE AND TIME OF LATEST TRANSACTION
control field 20260401160305.0
008 - FIXED-LENGTH DATA ELEMENTS--GENERAL INFORMATION
fixed length control field 260401b |||||||| |||| 00| 0 eng d
020 ## - INTERNATIONAL STANDARD BOOK NUMBER
International Standard Book Number 9788126543953
040 ## - CATALOGING SOURCE
Transcribing agency AL
041 ## - LANGUAGE CODE
Language code of text/sound track or separate title eng
082 ## - DEWEY DECIMAL CLASSIFICATION NUMBER
Classification number 620.106
Item number MERE
100 ## - MAIN ENTRY--PERSONAL NAME
Personal name Meriam J L
100 ## - MAIN ENTRY--PERSONAL NAME
9 (RLIN) 260025
245 ## - TITLE STATEMENT
Title Engineering mechanics dynamics Ed 7
250 ## - EDITION STATEMENT
Edition statement 7
260 ## - PUBLICATION, DISTRIBUTION, ETC.
Place of publication, distribution, etc. New Delhi
Name of publisher, distributor, etc. Wiley
Date of publication, distribution, etc. 2015
300 ## - PHYSICAL DESCRIPTION
Extent xx,723p
Other physical details PB
Dimensions 23x18cm
365 ## - TRADE PRICE
Source of price type code Information Science and Engineering
Price type code VBI-2645
Price amount ₹546.75
Currency code
Unit of pricing ₹729.00
Price note 25%
Price effective from 20-02-2026
520 ## - SUMMARY, ETC.
Summary, etc. Known for its accuracy, clarity, and dependability, Meriam & Kraige's Engineering Mechanics: Dynamics has provided a solid foundation of mechanics principles for more than 60 years. Now in its seventh edition, the text continues to help students develop their problem-solving skills with an extensive variety of engaging problems related to engineering design. More than 50% of the homework problems are new, and there are also a number of new sample problems. To help students build necessary visualization and problem-solving skills, the text strongly emphasizes drawing free-body diagrams-the most important skill needed to solve mechanics problems.
650 ## - SUBJECT ADDED ENTRY--TOPICAL TERM
Topical term or geographic name entry element Kinematics of Particles
9 (RLIN) 259938
650 ## - SUBJECT ADDED ENTRY--TOPICAL TERM
Topical term or geographic name entry element Inertia
9 (RLIN) 259939
650 ## - SUBJECT ADDED ENTRY--TOPICAL TERM
Topical term or geographic name entry element SI Version
9 (RLIN) 259940
700 ## - ADDED ENTRY--PERSONAL NAME
Personal name Kraige L G
9 (RLIN) 259941
942 ## - ADDED ENTRY ELEMENTS (KOHA)
Source of classification or shelving scheme Dewey Decimal Classification
Koha item type Book
Holdings
Withdrawn status Lost status Source of classification or shelving scheme Damaged status Not for loan Collection code Home library Current library Date acquired Source of acquisition Cost, normal purchase price Total Checkouts Full call number Barcode Date last seen Cost, replacement price Price effective from Koha item type
    Dewey Decimal Classification     Information Science and Engineering St Aloysius Engineering Library St Aloysius Engineering Library 03/27/2026 Vidyarthi Books, Bengaluru-560076 546.75   620.106 MERE SE000395 04/01/2026 729.00 02/20/2026 Book